000 00752nam a2200205 i 4500
001 91247
003 ES-MaACL
005 20250809023654.0
007 t|
008 050128s1931 fr ||||1| fre d
100 1 _aLe Pelley, Anne Marie.
_970908
245 1 0 _aÉtudes de droit privé espagnol
_b: V : La notion de tiers dans la loi hypothecaire espagnole /
_cpar Anne Marie Le Pelley.
260 _aParis :
_bEdmond Duchemin,
_c1931.
300 _a260 p. ;
_c25 cm.
490 1 _aBibliothéque de L'Institut de droit comparé de Toulouse
650 7 _aDerecho hipotecario-
_zEspaña
_2
_9147944
830 0 _aBibliothéque de L'Institut de droit comparé de Toulouse
_9231974
852 _aES-MaACL
_jA-1471
999 _c91247
_d91247